00566nam a2200169Ia 4500003000900000008004100009020001800050040001600068080001600084245011300100260007600213300001400289650002900303650001900332650001900351700002600370IN-BaIIA211028s9999 xx 000 0 eng d a0-87942-106-1 cIIA Library a681.32bDIG 0aDigital image processing for remote sensingcedited by Ralph Bernstein  aNew YorkbThe Institute of Electrical and Electronics Engineeringc1978 avi, 473p. aDigital image processing aNASA thesaurus aRemote sensing aBernstein, Ralph, ed.